Sociology and the race problem: the failure of a perspective
| Autor principal: | |
|---|---|
| Tipo de documento: | Print Libro |
| Lenguaje: | Inglés |
| Publicado: |
Urbana, Ill [u.a.]
University of Illinois Press
1993
|
| En: | Año: 1993 |
| Acceso en línea: |
Índice Índice |
| Disponibilidad en Tübingen: | Disponible en Tübingen. UB: KB 19 A 1524 |
| Verificar disponibilidad: | HBZ Gateway |
| Servicio de pedido Subito: | Pedir ahora. |
| Palabras clave: |
MARC
| LEADER | 00000cam a2200000 c 4500 | ||
|---|---|---|---|
| 001 | 1620327473 | ||
| 003 | DE-627 | ||
| 005 | 20260206201255.0 | ||
| 007 | tu | ||
| 008 | 940328s1993 xxu||||| 00| ||eng c | ||
| 020 | |a 0252063287 |9 0-252-06328-7 | ||
| 020 | |a 0252020227 |9 0-252-02022-7 | ||
| 035 | |a (DE-627)1620327473 | ||
| 035 | |a (DE-603)030313449 | ||
| 035 | |a (DE-576)038170566 | ||
| 035 | |a (DE-599)BSZ038170566 | ||
| 035 | |a (OCoLC)27144524 | ||
| 035 | |a (OCoLC)27144524 | ||
| 035 | |a (DE-604)8096857633 | ||
| 040 | |a DE-627 |b ger |c DE-627 |e rakwb | ||
| 041 | |a eng | ||
| 044 | |c XD-US | ||
| 050 | 0 | |a HT1581 | |
| 082 | 0 | |a 305.8/00973 | |
| 082 | 0 | |a 305.800973 | |
| 084 | |a 7,26 |2 ssgn | ||
| 084 | |a LB 31960 |2 rvk |0 (DE-625)rvk/90533: | ||
| 084 | |a MS 3530 |2 rvk |0 (DE-625)rvk/123683: | ||
| 084 | |a 15.87 |2 bkl | ||
| 084 | |a 71.62 |2 bkl | ||
| 100 | 1 | |a MacKee, James B. |0 (DE-588)1157929788 |0 (DE-627)1021676365 |0 (DE-576)503463884 |4 aut | |
| 109 | |a MacKee, James B. |a McKee, James B. | ||
| 245 | 1 | 0 | |a Sociology and the race problem |b the failure of a perspective |c James B. MacKee |
| 264 | 1 | |a Urbana, Ill [u.a.] |b University of Illinois Press |c 1993 | |
| 300 | |a 376 S. | ||
| 336 | |a Text |b txt |2 rdacontent | ||
| 337 | |a ohne Hilfsmittel zu benutzen |b n |2 rdamedia | ||
| 338 | |a Band |b nc |2 rdacarrier | ||
| 500 | |a Includes bibliographical references and index | ||
| 583 | 1 | |a Archivierung prüfen |c 20200919 |f DE-640 |z 3 |2 pdager | |
| 583 | 1 | |a Archivierung prüfen |c 20240324 |f DE-4165 |z 2 |2 pdager | |
| 650 | 0 | |a Blacks | |
| 650 | 0 | |a African Americans | |
| 650 | 0 | 7 | |0 (DE-588)4116433-7 |0 (DE-627)104219890 |0 (DE-576)209501537 |a Schwarze |2 gnd |
| 650 | 0 | 7 | |0 (DE-588)4076527-1 |0 (DE-627)10445184X |0 (DE-576)209202130 |a Rassismus |2 gnd |
| 651 | 0 | |a United States |x Race relations | |
| 651 | 7 | |0 (DE-588)4078704-7 |0 (DE-627)106076612 |0 (DE-576)209209682 |a Usa |2 gnd | |
| 689 | 0 | 0 | |d g |0 (DE-588)4078704-7 |0 (DE-627)106076612 |0 (DE-576)209209682 |a USA |2 gnd |
| 689 | 0 | 1 | |d s |0 (DE-588)4116433-7 |0 (DE-627)104219890 |0 (DE-576)209501537 |a Schwarze |2 gnd |
| 689 | 0 | 2 | |d s |0 (DE-588)4076527-1 |0 (DE-627)10445184X |0 (DE-576)209202130 |a Rassismus |2 gnd |
| 689 | 0 | |5 (DE-627) | |
| 856 | 4 | 2 | |u http://www.gbv.de/dms/hbz/toc/ht006247068.pdf |m V:DE-605 |q pdf/application |v 2008-11-15 |x Verlag |y Inhaltsverzeichnis |3 Inhaltsverzeichnis |7 1 |
| 856 | 4 | 2 | |u http://scans.hebis.de/HEBCGI/show.pl?03031344_toc.pdf |m V:DE-605 |q application/pdf |3 Inhaltsverzeichnis |7 1 |
| 889 | |w (DE-627)122415647 | ||
| 935 | |i mdedup | ||
| 935 | |h HEB |i 0501 | ||
| 935 | |h HEB |i 0503 | ||
| 936 | r | v | |a LB 31960 |b Rassismus; Rassismusforschung |k Sozial- und Kulturanthropologie. Empirische Kulturwissenschaft |k Theorie und Methodologie |k Rassismus; Rassismusforschung |0 (DE-627)1336641894 |0 (DE-625)rvk/90533: |0 (DE-576)26664189X |
| 936 | r | v | |a MS 3530 |b Rassismus |k Soziologie |k Spezielle Soziologien |k Soziologie der Minoritäten und Randgruppen |k Rassismus |0 (DE-627)1271103672 |0 (DE-625)rvk/123683: |0 (DE-576)201103672 |
| 936 | b | k | |a 15.87 |j USA |x Geschichte |0 (DE-627)181569760 |
| 936 | b | k | |a 71.62 |j Ethnische Beziehungen |0 (DE-627)106410423 |
| 936 | s | n | |a m200 |2 mzub |
| 951 | |a BO | ||
| ELC | |b 1 | ||
| LOK | |0 000 xxxxxcx a22 zn 4500 | ||
| LOK | |0 001 3232198597 | ||
| LOK | |0 003 DE-627 | ||
| LOK | |0 004 1620327473 | ||
| LOK | |0 005 20020522000000 | ||
| LOK | |0 008 940328||||||||||||||||ger||||||| | ||
| LOK | |0 040 |a DE-21 |c DE-627 |d DE-21 | ||
| LOK | |0 852 |a DE-21 | ||
| LOK | |0 852 1 |c KB 19 A 1524 |9 00 | ||
| LOK | |0 866 |x ge-shü | ||
| LOK | |0 935 |a rswk |a krim | ||
| LOK | |0 936ln |a k7.3.3.4 | ||
| LOK | |0 939 |a 28-03-94 |b l01 | ||
| ORI | |a SA-MARC-krimdoka001.raw | ||
| SIG | |a UB: KB 19 A 1524 | ||
